Forum (Record no. 11509)

MARC details
000 -BAŞLIK
Sabit Uzunlukta Kontrol Alanı 00718na a2200253 4500
001 - KONTROL NUMARASI
Denetim Alanı 21893
003 - KONTROL NUMARASI IDENTIFIER
Denetim Alanı MIRAKIL
005 - SON İŞLEM TARİHİ VE ZAMANI
Denetim Alanı 20181226092846.0
008 - SABİT-BOY VERİ ELEMANLARI - GENEL BİLGİLER
Sabit Uzunlukta Kontrol Alanı 170208b tu n0 0 0
035 ## - SİSTEM KONTROL NUMARASI
Sistem Kontrol Numarası 20918
040 ## - KATALOGLAMA KAYNAK
Orijinal Kataloglama Ajansı Milas
Kataloglama Dili tur
Metne Dönüştürmek Ajansı TR-AnCHP
041 ## - DİL KODU
Metin / Ses Parça Veya Ayrı Başlığın Dil Kodu tur
090 ## - SINIFLAMA NUMARASI
Sınıflama Numarası 050 DER 40
245 ## - BAŞLIK TABLOSU
Başlık Forum
Başlığın Kalan siyaset, iktisat kültür dergisi
260 ## - YAYIN, DAĞITIM, VB
Yayın, Dağıtım, Vb Yeri Ankara
Yayıncı, Dağıtıcı, Vs Adı Güzel İstanbul
Yayın, Dağıtım, Vb Tarihi 1954-1997
300 ## - FİZİKSEL TANIM
Kapsam c.
Diğer Fiziksel Ayrıntıları res.
Boyutlar 33 sm.
500 ## - GENEL NOT
Genel Not Derginin adı 1979 yılında 'Yeni Forum' olarak değiştirilmiştir.
650 ## - KONU KATMA GİRİŞ - TOPİKAL DÖNEM
Topikal Süreli Veya Coğrafi Ad Giriş Elemanı Siyaset
Form Alt Bölümü Süreli yayınlar
650 ## - KONU KATMA GİRİŞ - TOPİKAL DÖNEM
Topikal Süreli Veya Coğrafi Ad Giriş Elemanı Ekonomi
Form Alt Bölümü Süreli yayınlar
650 ## - KONU KATMA GİRİŞ - TOPİKAL DÖNEM
Topikal Süreli Veya Coğrafi Ad Giriş Elemanı Kültür
Form Alt Bölümü Süreli yayınlar
910 ## - KULLANICI SEÇENEK, VERİLERİN (OCLC)
Kullanıcı Seçenek Veri DERGİ 40
942 ## - EKLENDİ GİRİŞ ELEMANLARI (KOHA)
Sınıflandırma Veya Raf Düzeni Kaynak Dewey Decimal Classification
Koha Öğesi Türü Serials
999 ## - SİSTEM KONTROL NUMARALARI (KOHA)
Koha Biblionumber 11509
Koha Biblioitemnumber 11509
310 ## - MEVCUT YAYIN FREKANSI
Güncel Yayın Frekansı 15 günlük
Holdings
Kullanım Kısıtlamaları Kalıcı Konum Mevcut Konum Edinme Tarihi Kodlu Konum Eleme Toplam Check-Out'Lar Tam Çağrı Numarası Barkod Tarih Son Görülme İtibaren Geçerli Fiyatlar Sigara Kamu Notu Koha Öğesi Türü
Kütüphane dışına çıkarılamaz CHP Kütüphanesi CHP Kütüphanesi 02/08/2017 SÜRELİ YAYINLAR   050 DER 115 D040 02/08/2017 02/08/2017 Ciltli Serials